000 00664nam a2200217 i 4500
001 131603
003 ES-MaACL
005 20230906194019.0
007 t|
008 070214m19581961sp d 00110 spa d
080 _a806.99-3=60
100 1 _aRodríguez González, Eladio.
_998558
245 1 0 _aDiccionario enciclopédico gallego-castellano /
_cEladio Rodríguez González.
260 _aVigo :
_bGalaxia,
_c1958-1961.
300 _a3 v. ;
_c25 cm.
490 1 _aCasa de Galicia ;
_v1
650 4 _aLengua gallega-
_vDiccionarios-
_xEspañol.
_914237
830 1 _aCasa de Galicia ;
_v1
_9219589
852 4 _aES-MaACL
_jC-21830-32
999 _c131603
_d131603